Rádioaktívny odpad - problém nielen ekonomický, ale aj morálny
Problém uskladňovania rádioaktívneho odpadu. Pochybnosti o bezpečnosti mochovského regionálneho úložiska rádioaktívneho odpadu. Kvalita bezpečnostného systému je príčinou výhrad proti bohunickej jadrovej elektrárni V1. Na dôsledky černobyľskej havárie sú rozdielne názory. Charakteristika jadrových e...
Na minha lista:
| Autor principal: | |
|---|---|
| Outros Autores: | |
| Formato: | Capítulo de Livro |
| Idioma: | eslovaco |
| Assuntos: | |
| Tags: |
Sem tags, seja o primeiro a adicionar uma tag!
|
MARC
| LEADER | 00000naa a2200000 4500 | ||
|---|---|---|---|
| 001 | r021266 | ||
| 005 | 20230921074120.3 | ||
| 041 | 0 | |a slo | |
| 044 | |a SK | ||
| 245 | 1 | 0 | |a Rádioaktívny odpad - problém nielen ekonomický, ale aj morálny |c Z. Rabayová, J. Topoľský |
| 520 | |a Problém uskladňovania rádioaktívneho odpadu. Pochybnosti o bezpečnosti mochovského regionálneho úložiska rádioaktívneho odpadu. Kvalita bezpečnostného systému je príčinou výhrad proti bohunickej jadrovej elektrárni V1. Na dôsledky černobyľskej havárie sú rozdielne názory. Charakteristika jadrových elektrární. Výroba jadrovej energie vo svete. | ||
| 610 | 2 | 0 | |a Slovensko |
| 610 | 2 | 0 | |a Ukrajina |
| 610 | 2 | 0 | |a Jaslovské Bohunice |
| 610 | 2 | 0 | |a Černobyľ |
| 610 | 2 | 0 | |a elektrárne atómové |
| 610 | 2 | 0 | |a energia atómová |
| 610 | 2 | 0 | |a rádioaktivita |
| 610 | 2 | 0 | |a výroba energie |
| 610 | 2 | 0 | |a odpad |
| 100 | 1 | |a Rabayová, Z. | |
| 700 | 1 | |a Topoľský, J. | |